[Event "Tata Steel-A 76th"]
[Site "Wijk aan Zee"]
[Date "2014.01.17"]
[Round "5"]
[White "Nakamura, Hikaru"]
[Black "Karjakin, Sergey"]
[Result "1/2-1/2"]
[WhiteElo "2789"]
[BlackElo "2759"]
[Annotator "Krasenkow,Michal"]
[PlyCount "48"]
[EventDate "2014.01.11"]
[EventType "tourn"]
[EventRounds "11"]
[EventCountry "NED"]
[EventCategory "20"]
[SourceTitle "CBM 159"]
[Source "ChessBase"]
[SourceDate "2014.03.17"]
[SourceVersion "1"]
[SourceVersionDate "2014.03.17"]
[SourceQuality "1"]

1. d4 Nf6 2. c4 e6 3. Nc3 Bb4 4. Qc2 d5 5. a3 Bxc3+ 6. Qxc3 Ne4 7. Qc2 c5 8. dxc5 Nc6 9. cxd5 exd5 10. e3 O-O (10... Bf5 {is usually played at once. Other options:}) (10... Qa5+) (10... Qf6) ({RR} 10... Qf6 11. Nf3 O-O 12. Bd3 Bg4 13. Bxe4 dxe4 14. Qxe4 h5 15. O-O Rfe8 16. Qf4 Qxf4 17. exf4 Bxf3 18. gxf3 Nd4 19. Rd1 Nxf3+ 20. Kh1 Re2 21. Kg2 Nh4+ 22. Kf1 Rae8 23. Rb1 Rc2 24. Be3 Nf5 25. Bd2 {Aakash,G (2117)-Sai Agni Jeevitesh,J (2309) Pollachi IND 2024 1-0 (67)}) 11. Nf3 Bf5 (11... Qa5+ 12. Bd2 Qxc5 13. Qxc5 Nxc5 14. Rc1 Ne4 15. Bb5 Bd7 16. Bxc6 Bxc6 17. Nd4 Rfc8 18. f3 Nd6 19. Kf2 Nc4 20. Bc3 Bd7 21. Ne2 f6 22. Rhd1 Bc6 23. Nf4 $14 {0-1 (36) Al Sayed,M (2511)-Durarbeyli,V (2584) St Petersburg 2012}) (11... Qf6 $5 12. Bd3 b6 $5 13. O-O (13. cxb6 axb6 {[%cal Rc6b4]} 14. Bd2 $5) 13... bxc5 14. Nd2 Nxd2 15. Bxd2 c4 16. Bxh7+ Kh8 $13 {0-1 (37) Petrik,T (2487)-Babula,V (2608) Slovakia 2009}) 12. Bd3 Qa5+ 13. Ke2 $146 {White avoids exchanges and keeps his c5-pawn but his king remains in the centre (at least temporarily). A risky strategy!} (13. b4 $6 Nxb4 14. axb4 Qxa1 15. O-O Qf6 16. Bb2 Qe7 17. Bd4 a6 18. Qb2 f6 19. Ra1 Be6 $15 {1/2 (48) Gurevich,M (2618)-Halkias,S (2564) Chalkida 2009}) (13. Nd2 Nxd2 (13... Nb4 14. axb4 Qxa1 15. Nf3 $5 $44 {[%csl Ra1]}) 14. Bxd2 Bxd3 15. Qxd3 Qxc5 16. Rc1 (16. Bc3 d4 $1 17. Bxd4 Nxd4 18. Qxd4 Qb5 19. O-O-O Qf5 20. e4 Qg5+ 21. Kb1 Rad8 22. f4 Rxd4 23. fxg5 Rxe4 24. Rd7 Rg4 25. g3 Rxg5 26. Rxb7 a5 $11 {1/2 (50) Morozevich,A (2771)-Adams,M (2712) Wijk aan Zee 2009}) 16... Qb6 17. O-O Rad8 {[%cal Rc6e5,Re5c4,Rd5d4]} 18. f4 Rfe8 19. b4 h6 20. h3 a6 21. Rc5 a5 22. Rfc1 axb4 23. axb4 Re4 24. Kh2 Rc4 $11 {1/2 (41) Morozevich,A (2771)-Carlsen,M (2776) Wijk aan Zee 2009}) ({RR} 13. b4 Nxb4 14. axb4 Qxa1 15. O-O Qf6 16. Bb2 Qe7 17. Bd4 a6 18. Qb2 f6 19. Ra1 Be6 20. Qc2 Qf7 21. Bb2 a5 22. Nd4 axb4 23. Rxa8 Rxa8 24. f3 Nc3 25. Bxh7+ Kf8 26. Qb3 Bc8 27. Qxb4 Na4 {Gurevich,M (2618)-Halkias,S (2564) Chalkida 2009 ½-½ (48)}) ({RR} 13. Nd2 Nxd2 14. Bxd2 Bxd3 15. Qxd3 Qxc5 16. Rc1 Qb6 17. Bc3 Rad8 18. Bd4 Nxd4 19. Qxd4 Qxd4 20. exd4 Rfe8+ 21. Kd2 Re7 22. Rc2 f6 23. Rhc1 Kf7 24. Rc7 Rde8 25. a4 Ke6 26. Re1+ Kd6 27. Rexe7 Rxe7 {Ivanisevic,I (2643)-Lenic,L (2624) Bled 2016 ½-½}) 13... Rfe8 $1 {Black concentrates his forces agains White's king declining the offer to win an exchange.} (13... Nb4 14. axb4 Qxa1 15. Nd4 Bg6 16. Rd1 Rfc8 (16... Qa2 $5) 17. Qb3 a5 18. Nc2 (18. Bd2 $5 Nxd2 19. Kxd2 a4 20. Rxa1 axb3 21. Rd1 $44 {[%cal Yd2c3]}) 18... Qb1 19. Nd4 Qa1 20. Nc2 Qb1 21. Nd4 {1/2 (21) Jensen,R-Welling,G (2345) Lyngby 1989}) (13... b6 $5 {(K.Landa)} 14. cxb6 $140 Rac8 $1) 14. Rd1 Bg4 15. b4 Qc7 (15... Nxb4 $4 16. axb4 Qxa1 17. Bb2 Qa2 18. Ra1) 16. h3 Bxf3+ 17. gxf3 Ng5 18. Bb2 (18. Bb5 $4 Qf4 $1 $19 {0-1 (25) Benitah,Y (2428)-Monsieux,C (2297) France 2009}) 18... d4 $1 {[%mdl 128]} (18... Qf4 {is poor now due to} 19. Be4 $1 Qh4 20. Rxd5) (18... Qh2 {is parried by} 19. Rh1 $1 Qg2 (19... Qf4 20. Be4 Qh4 21. Bxd5) 20. Rag1 Rxe3+ (20... Qxf3+ 21. Kf1 {[%cal Yd3e2]}) 21. Kd1 $1 Qxf3+ 22. Be2 {winning an exchange.}) 19. h4 $6 (19. Rg1 $142 Qh2 (19... h6 20. h4 Qh2 21. hxg5 Rxe3+ 22. Kf1 Qh3+ 23. Rg2 Qh1+ $11) 20. Rxg5 Rxe3+ 21. Kf1 Qh1+ 22. Rg1 Qxh3+ 23. Rg2 $11 {(recommended by GM Konstantin Landa)}) 19... Rxe3+ $1 (19... Qh2 20. hxg5 Rxe3+ 21. Kd2 Rxf3 22. Kc1 Rxf2 23. Qb3 {is rather good for White, whose bishop pair will become powerful}) (19... Nh3 $5 {leads to big complications, e.g.} 20. Bxh7+ $5 (20. b5 Rxe3+ $1 21. fxe3 Qh2+ 22. Ke1 Qg1+ 23. Bf1 Re8 $17 {}) (20. Rh1 Nf4+ 21. Kf1 dxe3 22. fxe3 Rxe3 23. Bxh7+ Kf8 $17) 20... Kh8 21. b5 Qh2 (21... Nf4+ $6 22. Kf1 dxe3 23. fxe3 Rxe3 24. Be4) (21... Nxf2 22. Kxf2 Qh2+ 23. Kf1 Qh1+ 24. Kf2 $11) 22. bxc6 Qxf2+ 23. Kd3 Qxe3+ 24. Kc4 Qe6+ 25. Kxd4 $13) 20. fxe3 Qh2+ 21. Kf1 Qh1+ 22. Kf2 Qh2+ {Black decides to force a draw.} (22... Qxf3+ $6 23. Kg1 Nh3+ (23... Qg3+ 24. Kf1 Nf3 25. Bxh7+ Kh8 26. Qf2 Qh3+ 27. Ke2 $16) 24. Kh2 Nf2 (24... Ne5 25. Bxh7+ Kh8 26. Rxd4 Nf2 27. Bf5) 25. Bxh7+ Kh8 26. Bf5 Ne7 27. Be4 $1 Nxe4 28. Qg2 $16) (22... Qxh4+ {was, however, a good chance to play on. Apparently White can survive with a series of only moves:} 23. Kg1 $1 (23. Ke2 $143 Qh2+ (23... Re8 $6 24. Kd2) 24. Kf1 Qh1+ 25. Kf2 Qxf3+ 26. Kg1 Re8 $40) 23... Nxf3+ (23... Re8 $5 24. Qg2 Rxe3 25. Be4 Nxe4 26. Bxd4 $1 Nxd4 27. Rxd4 Re1+ 28. Rxe1 Qxe1+ 29. Kh2 Qh4+ $11) 24. Kf1 $1 {(just find such a defence!)} (24. Kg2 $2 Qg4+ 25. Kf2 dxe3+ 26. Kxe3 Qg3 $1 $19) 24... Qh1+ 25. Kf2 Qh2+ 26. Kxf3 Ne5+ 27. Ke4 Qh4+ 28. Kxe5 Qf6+ 29. Ke4 Re8+ 30. Kd5 Rd8+ 31. Ke4 $11) 23. Kf1 Qh1+ 24. Kf2 Qh2+ 1/2-1/2

[Event "Corus"]
[Site "Wijk aan Zee"]
[Date "2010.01.26"]
[Round "9"]
[White "Nakamura, Hikaru"]
[Black "Karjakin, Sergey"]
[Result "0-1"]
[WhiteElo "2708"]
[BlackElo "2720"]
[Annotator "Krasenkow,Michal"]
[PlyCount "96"]
[EventDate "2010.01.16"]
[EventType "tourn"]
[EventRounds "13"]
[EventCountry "NED"]
[EventCategory "19"]
[SourceTitle "CBM 135"]
[Source "ChessBase"]
[SourceDate "2010.03.17"]
[SourceVersion "1"]
[SourceVersionDate "2010.03.17"]
[SourceQuality "1"]

1. d4 Nf6 2. c4 e6 3. Nc3 Bb4 4. Nf3 c5 5. g3 cxd4 6. Nxd4 Ne4 7. Qd3 Nxc3 {Quite a rare move, compared to the usual} (7... Qa5 {and}) (7... Bxc3+) 8. bxc3 Be7 9. Bg2 O-O 10. O-O (10. Nb5 $5 Nc6 11. Bf4 (11. O-O $6 a6 12. Nd6 Ne5 13. Qd4 Bxd6 14. Qxd6 Nxc4 15. Qd4 Qc7 $17 {0-1 Colls Gelaberto,E (2203)-Vehi Bach,V (2411)/La Massana 2008/CBM 125 Extra (41)}) 11... e5 12. Bc1 (12. Be3 d6 13. O-O a6 14. Na3 Be6 15. Bd5 Qa5 16. Nc2 Rfc8 17. Rfb1 $14 {1/2 Sulypa,A (2478)-Can,E (2411)/Olomouc 2007/CBM 119 ext (28)}) 12... Qa5 (12... d6 13. Ba3 Qa5 14. Bxd6 Rd8 15. Bc7 Rxd3 16. Bxa5 $14) 13. O-O d6 14. a4 Be6 15. Ba3 Rfd8 16. Rfb1 Rac8 17. Nxd6 Bxd6 18. Bxd6 b6 19. Rd1 Qa6 20. c5 Bc4 21. Qf5 Bxe2 22. Rd2 Bc4 23. Be4 $14 {1/2 Rogozenco,D (2440)-Itkis,B (2410)/Bucharest 1995/CBM 048 (30)}) 10... d6 (10... Nc6 11. Rd1 $5 (11. Bf4 g5 12. Be3 Ne5 13. Qe4 d6 14. Nf3 f5 15. Qd4 Nf7 16. Rfd1 Bf6 17. Qd3 Bd7 $132 {0-1 Shchekachev,A (2530)-Fedorchuk,S (2655)/Coubertin 2009/CBM 131 Extra (29)}) 11... Qa5 (11... Ne5 $5 12. Qe4 Qa5) 12. Nb3 Qc7 13. c5 b6 14. Bf4 e5 15. Be3 Rb8 16. Be4 h6 17. Bd5 $14 {0-1 Jianu,V (2531)-Fedorchuk,S (2671)/Plovdiv 2008/CBM 124 (60)}) (10... Na6 $6 11. Rd1 (11. Nb5 Nc5 12. Qd4 d6 13. Rd1 e5 14. Qe3 (14. Qd2 Qa5 15. Ba3 Be6 16. Bb4 Qb6 17. Qe3 Rac8 $15 {0-1 Parker,J (2325)-Topalov,V (2495)/Singapore 1990/EXT 1997 (46)}) 14... Re8 15. Qd2 Qa5 16. Nxd6 Rd8 17. Nxc8 $5 Raxc8 18. Bd5 Na4 19. Qd3 Nb6 20. Qf5 Nxd5 21. cxd5 Qxc3 22. Be3 Qc2 {1/2 Abbasov,F (2444)-Tahirov,F (2545)/Tula 2007/EXT 2008}) (11. Nb3 Qc7 12. Bf4 d6 13. Rfd1 Rd8 {0-1 Stuart,P-Ker,A (2305)/New Zeeland 1991/EXT 1999 (59)} 14. Rab1 $5) 11... Nc5 12. Qc2 $1 (12. Qe3 d6 (12... Qa5 $5 13. Bd2 Na4 14. Rab1 Qc7 15. Qd3 a6 16. Bf4 d6 {0-1 Kuthan,A (2220)-Schlosser,P (2556)/Austria 2009/EXT 2010 (33)} 17. Qc2 Nc5 18. Nb3 $14) 13. Ba3 Bd7 14. Rab1 Rb8 15. Bxc5 dxc5 16. Nb5 a6 17. Nd6 Qc7 $13 {1/2 Nielsen,P (2651)-Hracek,Z (2598)/Germany 2007/CBM 123 (41)}) 12... a6 13. Nb3 Qc7 14. Bf4 d6 15. Rab1 Rb8 16. Nxc5 Qxc5 17. Qd3 e5 18. Be3 Qa3 19. Ba7 Ra8 20. Bb6 g6 21. Bd5 $16 {1/2 Kravtsov,S (2438)-Ogloblin,N (2380)/Novokuznetsk 1999/EXT 2001 (54)}) (10... a6 11. Rd1 Qc7 12. Bf4 d6 13. c5 e5 (13... Qxc5 14. Nb3 Qb6 15. Bxd6 Rd8 16. Bc5 $1 $14) 14. cxd6 Qxd6 15. Nf5 Qf6 16. Nxe7+ Qxe7 17. Be3 $14 {1-0 Zhumabaev,R (2550)-Babujian,L (2515)/Martuni 2009/CBM 132 (73)}) 11. Rd1 (11. Ba3 a6 12. Rfd1 Qc7 13. Nc2 Rd8 14. Ne3 Nc6 15. f4 g6 16. g4 Rb8 17. g5 Qa5 18. Bc1 Qc5 19. Kh1 b6 20. a4 Na5 21. Ba3 Qc7 22. Rab1 Bb7 {0-1 Furman,B (2263)-Tahirov,F (2545)/Hastings 2006/CBM 116 ext (34)}) 11... a6 (11... Nd7 $5) 12. Nb3 (12. f4 Nd7 13. Ba3 Qc7 14. Nc2 Nc5 15. Qe3 Rb8 16. Rd2 g6 17. Rad1 b6 18. g4 Bb7 $15 {0-1 Quinn,M (2429)-Alekseev,E (2593)/Hoogeveen 2002/CBM 090 ext (40)}) (12. Be3 Nd7 13. f4 Qc7 14. Kh1 Nb6 15. Rab1 Nxc4 16. Bg1 Rb8 17. e4 Bd7 18. Bf1 Rfc8 19. Rdc1 Qa5 20. Nb3 Qxa2 {0-1 Fogel,P (2193)-Akopian,V (2700)/Gibraltar 2007/CBM 116 ext}) (12. Nf3 Nd7 13. Ba3 Nc5 14. Bxc5 dxc5 15. Qxd8 Rxd8 16. Ne5 Rb8 17. Rab1 Rxd1+ 18. Rxd1 Kf8 19. Nd7+ Bxd7 20. Rxd7 b6 21. a4 Bf6 $11 {1/2 Agrest,E (2574)-Iordachescu,V (2572)/Dresden 2008/CBM 128 (42)}) 12... Qc7 13. Bf4 e5 14. Be3 {A typical position. Which is more important: the pressure of White's bishop and the weakness of the d5 square in Black's camp or White's doubled c3- and c4-pawns and the c5-square? A lot depends on the position of the pieces. Here chances are approximately equal.} Nd7 15. Nd2 $146 ({RR} 15. Rab1 Rb8 16. Ba7 Ra8 17. Be3 Kh8 18. g4 a5 19. Nd2 Ra6 20. Ne4 Nc5 21. Nxc5 dxc5 22. Qe4 Rg6 23. Rd5 Bd6 24. g5 f5 25. gxf6 gxf6 26. Kh1 Rfg8 27. Rxd6 Qxd6 28. Qd5 Qc7 29. Be4 f5 {Maurizzi,M (2493)-Deac,B (2679) Terme Catez 2022 0-1 (34)}) ({RR} 15. Rab1 f5 16. Rb2 Kh8 17. Qb1 e4 18. Bf4 Ne5 19. c5 dxc5 20. Rd5 Bf6 21. Nxc5 Qc6 22. Rbd2 Nc4 23. Rd1 Nb6 24. Rd6 Qxc5 25. Rxb6 Qxc3 26. g4 fxg4 27. Qxe4 a5 28. Rb3 Qc6 29. Qxc6 bxc6 {Batsiashvili,N (2434)-Yilmaz,M (2537) Baku 2012 ½-½ (40)}) 15... f5 16. Rab1 Rb8 17. Ba7 (17. Rb2 {V.Yemelin} e4 $5) 17... Ra8 18. Be3 Rb8 19. Ba7 Ra8 20. Bd5+ $6 {White decides to play for a win. A poor idea. Black obtains the bishop pair, and all White's attempts to create a blockade prove vain.} Kh8 21. Qe3 Nf6 22. Bb6 Qd7 (22... Nxd5 $142 23. cxd5 Qd7) 23. f4 (23. Bg2 $142) 23... Qe8 {Black prepares kingside counterplay but his queenside is still "frozen".} 24. Nf3 Qh5 25. Kh1 Re8 26. Qg1 (26. fxe5 $5 Ng4 27. Qg1 dxe5 28. Bc7) 26... Nxd5 27. cxd5 Bf6 28. Qf2 Bd7 (28... exf4 29. gxf4 Bxc3 $6 30. Bc7) 29. c4 Rac8 30. Rdc1 h6 31. e3 Re7 $15 {The clue to the position is that Black has possibilities to improve it (e.g. preparing ...g7-g5), and White has none. For instance, any retreat of the b6 bishop allows ...b7-b5. Therefore White takes the opportunity to break through immediately (objectively it was better to wait).} 32. c5 $6 {The black bishop now obtains the important b5-square.} (32. fxe5 dxe5 {[%cal Yf5f4] is hardly good, too: Black's kingside attack will be more dangerous than White's passed pawns.}) 32... exf4 33. gxf4 dxc5 34. Bxc5 Re4 $6 (34... Ree8 $142 $1 35. Rxb7 (35. Bd6 Bb5 {[%cal Yb5d3,Yd3e4]}) (35. Bd4 Rxc1+ 36. Rxc1 Bxd4 37. Nxd4 Qf7 38. Qf3 Re4 $17 {[%csl Rd5,Re3]}) 35... Bb5 {[%cal Rb5d3,Rd3e4]} 36. Ne5 $5 Re7 $1 37. Rxe7 Bxe7 38. e4 fxe4 $17) 35. Rxb7 $2 (35. Bd6 $142 $1 {[%cal Yd6e5]} Rxc1+ 36. Rxc1 Qf7 37. Qd2 Qh5 38. Qf2 $11) 35... Bb5 36. Qg2 (36. Nd2 Bc4 $1 (36... Re7 $5) 37. Nxc4 Rxc4 $1 38. Rxc4 Qd1+ 39. Kg2 Qxd5+ 40. Qf3 Qxc4 $19) 36... Rc4 $1 37. Rg1 Rc2 $1 $19 (37... R4xc5 $143 38. Rxg7 Qxf3 39. Qxf3 Bxg7 $17) 38. Qg3 (38. Qxc2 Qxf3+ 39. Qg2 (39. Rg2 Qxd5 $19) 39... Qxg2+ 40. Kxg2 Rxc5 $19) 38... Be2 $1 39. Ne1 R2xc5 40. e4 {Desperation. The rest is clear.} (40. Rxg7 Bg4 $19) 40... fxe4 41. Rxg7 Bf3+ 42. Nxf3 Qxf3+ 43. Qxf3 exf3 44. R7g6 Bg7 $1 45. Rxa6 (45. Rxg7 f2 $19) 45... Rc1 46. Rc6 Rxg1+ 47. Kxg1 Bd4+ 48. Kh1 Rb8 (48... Rb8 49. Rc1 f2 {[%cal Rb8g8,Rg8g1]}) 0-1

[Event "Titled Tue 9th Jul Early"]
[Site "chess.com INT"]
[Date "2024.07.09"]
[Round "11"]
[White "Nakamura, Hi"]
[Black "Klekowski, M.."]
[Result "1-0"]
[WhiteElo "2802"]
[BlackElo "2463"]
[PlyCount "97"]
[EventDate "2024.07.09"]

1. Nf3 b6 2. d4 Bb7 3. c4 e6 4. Nc3 Bb4 5. Qb3 Qe7 6. a3 Bxc3+ 7. Qxc3 Nf6 8. g3 d6 9. Bg2 Nbd7 10. O-O O-O 11. b3 c5 ({RR} 11... e5 12. Bb2 Rfe8 13. dxe5 dxe5 14. b4 a5 15. Rfd1 Ne4 16. Qc2 axb4 17. axb4 Rxa1 18. Bxa1 Nef6 19. Nxe5 Nxe5 20. Bxb7 Qxb4 21. Bxe5 Rxe5 22. Rd8+ Re8 23. Rxe8+ Nxe8 24. Qe4 Kf8 25. Bd5 Nf6 26. Qe5 {Dreev,A (2668)-Ponomariov,R (2743) Khanty-Mansiysk 2013 0-1 (61)}) ({RR} 11... Ne4 12. Qc2 f5 13. Ne1 Rae8 14. Nd3 Ba8 15. a4 Ndf6 16. f3 Nxg3 17. hxg3 Nh5 18. Kf2 e5 19. Rh1 Nf6 20. d5 Ne4+ 21. fxe4 fxe4+ 22. Ke1 exd3 23. Qxd3 g6 24. Bh3 Bb7 25. Be6+ Kh8 26. Qxg6 {Kim,S (2295)-Rian,K (2089) chess.com INT 2024 1-0 (33)}) 12. Bb2 Rfe8 $146 ({RR} 12... Ne4 13. Qc2 f5 14. Rad1 Ndf6 15. Rd3 Rfd8 16. dxc5 bxc5 17. Nd2 Rd7 18. Rd1 Rad8 19. f3 Ng5 20. Nf1 Nf7 21. Ne3 Rb8 22. b4 cxb4 23. axb4 Rc7 24. Qa4 Ba8 25. b5 Nd7 26. Rd4 Nc5 27. Qa3 {Santos,J (2350)-Silva,P (1929) Lisbon 1984 1-0 (47)}) 13. Rad1 a5 14. dxc5 bxc5 15. Qd3 Ra6 16. a4 Rb6 17. Nd2 Bxg2 18. Kxg2 Reb8 19. Bc3 Ra6 20. e4 h6 21. f4 e5 22. f5 Rb7 23. h3 Nb8 24. g4 Nc6 25. Qg3 Nd4 26. Bxd4 cxd4 27. h4 Nd7 28. g5 h5 29. f6 Qe6 30. fxg7 Rab6 31. Rf3 Kxg7 32. Rdf1 Nf8 33. Rf6 Qe8 34. Qf3 Ng6 35. Qxh5 Qh8 36. Qxh8+ Kxh8 37. h5 Nf4+ 38. R1xf4 exf4 39. Kf3 Rxb3+ 40. Nxb3 Rxb3+ 41. Kxf4 Rb4 42. Rxf7 Rxc4 43. g6 d3 44. h6 Rc8 45. Rh7+ Kg8 46. Rd7 d2 47. Rxd6 d1=Q 48. Rxd1 Kh8 49. Kg5 1-0

[Event "Dortmund SuperGM 39th"]
[Site "Dortmund"]
[Date "2011.07.24"]
[Round "4"]
[White "Nakamura, Hikaru"]
[Black "Kramnik, Vladimir"]
[Result "0-1"]
[WhiteElo "2770"]
[BlackElo "2781"]
[Annotator "Kramnik,Vladimir"]
[PlyCount "94"]
[EventDate "2011.07.21"]
[EventType "tourn"]
[EventRounds "10"]
[EventCountry "GER"]
[EventCategory "20"]
[SourceTitle "CBM 144"]
[Source "ChessBase"]
[SourceDate "2011.09.16"]
[SourceVersion "1"]
[SourceVersionDate "2011.09.16"]
[SourceQuality "1"]

1. d4 Nf6 2. c4 e6 3. Nc3 Bb4 4. Nf3 c5 5. g3 {As expected. Since Hikaru has started working with Kasparov this has become his favourite weapon against the Nimzo Indian.} cxd4 6. Nxd4 O-O 7. Bg2 d5 8. Qb3 {A rather forgotten line nowadays, but it was played by Kasparov several times in the eighties.} (8. cxd5 Nxd5 9. Qb3 {is the most fashionable nowadays.}) 8... Bxc3+ 9. bxc3 Nc6 10. cxd5 Na5 11. Qc2 Nxd5 12. O-O (12. Qd3 {was Garry's choice in this position, but after} Qc7 {was found, the whole line went out of fashion} 13. Nb5 Qc6) 12... Qc7 (12... Bd7 {is a serious alternative here.}) 13. Re1 {This makes sense, but it's hard to believe that White can seriously pretend to be better with such a slow move.} (13. e4 Nxc3 {I guess that it is what Hikaru did not like} (13... Nb6 {is always an option, of course}) 14. Bb2 (14. Bd2 Ne2+ 15. Kh1 Qxc2 16. Nxc2 Nc6) 14... Nb5 15. Qxc7 Nxc7 {and although White definitely has enough play for the pawn, it seems very drawish.}) 13... Bd7 {Logical.} (13... Rd8 14. e4) 14. e4 Nb6 (14... Nxc3 {is already not working here:} 15. Bd2 Rac8 16. Rac1) 15. e5 {So far White had not spent any time on his moves, so I started to search for a decent move which would make him think.} Ba4 $146 {Right choice! Nakamura started to think here finally!} (15... Rfc8 {is perfectly playable, of course, but too logical to be a surprise :)}) ({RR} 15... Rac8 16. Bd2 Nac4 17. Bf4 Na4 18. Rac1 b5 19. Qe2 Qc5 20. Qg4 {Deak,S (2240)-Palkovi,J (2425) Hungary 1989}) 16. Qd3 Qc4 {That is the point, I start to bother his pieces immediatly, not allowing White to gather his forces around my king.} (16... Rac8 17. Be4 $36) 17. Qf3 (17. Qxc4 {might be the best choice actually, but somehow I was sure Hikaru would not do it :)} Nbxc4 18. Rb1 Rab8 19. f4 {might be little better for White, but nothing to worry about really, I thought.}) 17... Nc6 {The move which I had to see in advance, otherwise Black's operation would not make sense at all.} 18. Re4 {Probably the best move, played after ve-e-e-ery long reflection, approximately one hour! Usually experience shows, that after such a long thought a player comes up with a bad move, but this time it is an exception to the rule.} (18. Qg4 {was possible, but gives me a wide choise of interesting options:} Bc2 (18... Kh8 {might be the simplest}) (18... h5 19. Qh4 $13 Qxc3 (19... Nd5)) 19. Ba3 (19. Bh6 Bg6) 19... Rfc8) 18... Nxd4 19. Rxd4 Bc6 {Again a very important move which I had to have foreseen in advance, solving all problems, if there were any at all.} 20. Rxc4 {There is no other sensible way for White to play for advantage.} Bxf3 21. Rc7 Bxg2 22. Kxg2 Rab8 23. Rb1 Rfc8 24. Rxc8+ Rxc8 25. Rb3 {Already strange, since White obviously can't win anymore.} (25. Be3 {was a forced draw:} Rxc3 26. Bxb6 axb6 27. Rxb6 Rc7) 25... h5 26. Be3 Nd5 27. Bd4 $2 {Probably the voice of the blood. Hikaru, like a true samurai, is making hara-kiri :)} (27. Bxa7 {leads to a draw in all lines:} Rxc3 28. Rxc3 (28. Rxb7 Ra3) 28... Nxc3 29. a3) 27... b6 {Obviously Black is just much better here. Plus Nakamura was already getting into time trouble.} 28. f4 {I would prefer to leave this pawn on f2.} (28. Kf3 $142) 28... Rc4 {Very important. Now my rook gets to a4 and White's position starts to collapse slowly but surely.} 29. Kf1 (29. Ra3 $142 a5 {a4} 30. Rb3 a4 (30... Kh7 31. Kf3 a4) 31. Rb2 Nxc3 32. Bxb6 Nd5 33. Bf2 {with some drawing chances} Kh7) 29... Ra4 30. Rb2 (30. a3 Ne7 $1 { c6, a5} 31. Be3 Nc6 $17 32. Bc1 Re4) 30... Kh7 {No need to hurry, Black gets his king into play with decisive effect.} 31. Kf2 Kg6 32. Rc2 Ra3 33. h3 b5 34. Rb2 a6 35. Rc2 Kf5 (35... h4 {is not bad either, but I decided that it is time to force matters already.}) 36. Kf3 b4 37. g4+ hxg4+ 38. hxg4+ Kg6 39. Ke4 bxc3 40. Rh2 (40. f5+ Kg5 41. fxe6 fxe6 42. Kf3 Ra4 $19) 40... Ra4 41. Rf2 a5 {Strangely enough White is in some kind of zugzwang here, therefore I decided to ask him to move.} 42. Kd3 (42. Rc2 Nxf4) (42. f5+ Kg5) 42... c2 {This is the end of the story.} 43. f5+ Kg5 44. Bb2 Nb4+ 45. Kc3 Rxa2 46. Rf1 Kxg4 47. fxe6 fxe6 {I am very strong in such positions, so Hikaru resigned here.} 0-1